000 00619nam a2200169Ia 4500
003 GCL
008 140319s9999 xx 000 0 ara d
040 _aGCL /
_cGCL
082 0 4 _a891.7
_bب م
100 1 _aبوشكين ، الكسندر
245 1 0 _aملكة البسطونى او نهاية مقامر (هدية من الاديب عبدالفتاح الجمل) /
_cبوشكين ، الكسندر
300 _a60 ص
490 _aالهيئة العامة للاستعلامات
_v0
650 0 4 _aالقصص الروسية المترجمة
650 0 4 _aالادب الروسى المترجم
942 _2ddc
_cBK
999 _c38488
_d38488